000 01008nam a2200265Ia 4500
003 OSt
005 20221005111357.0
006 a|||||r|||| 00| 0
007 ta
008 221004b |||||||| |||| 00| 0 hin d
020 _a8170556619 (hbk)
_c125
024 _a97023
037 _b572, 23/03/2009, Vani Prakashan
_cTextual
040 _aCRL
_cCRL
_bhin
041 _2hin
_ahin
082 _aO152,4N27x, N9
100 _aराही मासूम रज़ा
245 0 _aलगता है बेकार गये हम
246 _aLagatā hai bekār gaye hama
260 _aनई दिल्ली
_bवाणी प्रकाशन भारत
_c1999
300 _a106पृ0
_ccm.
700 _a कुॅंवरपाल सिंह, संपा.
942 _hO152,4N27x, N9
_cTEXL
_2cc
999 _c1021656
_d1021656